[Event "Ruhrgebiet Verbandsklasse Gruppe 1 1819"]
[Site "Nordrheinwestfalen"]
[Date "2018.10.07"]
[Round "2.7"]
[White "Schlee, Ulrich"]
[Black "Ewers, Christian"]
[Result "1-0"]
[WhiteElo "1704"]
[BlackElo "1733"]
[PlyCount "45"]
[EventDate "2018.09.23"]
[EventType "team-tourn"]
[EventRounds "9"]
[EventCountry "GER"]
[SourceTitle "EXT 2022"]
[Source "ChessBase"]
[SourceDate "2021.10.06"]
[SourceVersion "1"]
[SourceVersionDate "2021.10.06"]
[SourceQuality "1"]
[WhiteTeam "Wattenscheid SV III"]
[BlackTeam "Mengede SG"]
[WhiteTeamCountry "GER"]
[BlackTeamCountry "GER"]

1. e4 Nf6 2. e5 Nd5 3. d4 Nb6 4. f4 d6 5. Nf3 dxe5 6. fxe5 Bg4 7. Be2 e6 8. Bg5 Be7 9. Bxe7 Qxe7 10. 0-0 Bf5 11. c3 0-0 12. Qe1 h6 13. Nbd2 c5 14. Nb3 N8d7 15. Nh4 Bh7 16. Qg3 Na4 17. Bb5 Nab6 18. Rf2 a6 19. Be2 Nd5 20. Raf1 cxd4 21. Nxd4 Nxe5 22. Qxe5 Qxh4 23. Nxe6 1-0

[Event "Ruhrgebiet Verbandsklasse Gruppe 3 1617"]
[Site "Germany"]
[Date "2017.03.12"]
[Round "8.7"]
[White "Ewers, Christian"]
[Black "Barth, Hans Joachim"]
[Result "1-0"]
[WhiteElo "1643"]
[BlackElo "1702"]
[PlyCount "87"]
[EventDate "2016.09.04"]
[EventType "team-tourn"]
[EventRounds "9"]
[EventCountry "GER"]
[SourceTitle "EXT 2022"]
[Source "ChessBase"]
[SourceDate "2021.10.06"]
[SourceVersion "1"]
[SourceVersionDate "2021.10.06"]
[SourceQuality "1"]
[WhiteTeam "Mengede SG"]
[BlackTeam "Hoentrop SG"]
[WhiteTeamCountry "GER"]
[BlackTeamCountry "GER"]

1. e4 c5 2. Nf3 d6 3. Nc3 Nc6 4. d4 cxd4 5. Nxd4 g6 6. g3 Bg7 7. Nde2 Nf6 8. Bg2 0-0 9. h3 Bd7 10. 0-0 Rc8 11. Rb1 Qa5 12. a3 b5 13. b4 Qb6 14. Be3 Qb8 15. f4 e5 16. f5 Ne7 17. g4 Nc6 18. g5 Nh5 19. f6 Bh8 20. Nd5 Rfe8 21. c4 bxc4 22. b5 Nd8 23. Ne7+ Kf8 24. Nxc8 Bxc8 25. Qa4 Be6 26. Qxa7 Qc8 27. Kh2 c3 28. Rfc1 Qc4 29. Nxc3 Nf4 30. Nd5 Qe2 31. Nxf4 exf4 32. Bxf4 h6 33. Qe3 Qh5 34. Qf3 Qh4 35. Qg3 hxg5 36. Qxh4 gxh4 37. Bxd6+ Kg8 38. e5 Bf5 39. Rb4 Re6 40. Bd5 Rxd6 41. exd6 Bxf6 42. b6 Be5+ 43. Kg2 Bxd6 44. b7 1-0

[Event "Ruhrgebiet Verbandsklasse Gruppe 3 1617"]
[Site "Germany"]
[Date "2016.11.27"]
[Round "4.6"]
[White "Strathoff, Dirk"]
[Black "Ewers, Christian"]
[Result "1-0"]
[WhiteElo "1913"]
[BlackElo "1721"]
[PlyCount "69"]
[EventDate "2016.09.04"]
[EventType "team-tourn"]
[EventRounds "9"]
[EventCountry "GER"]
[SourceTitle "EXT 2022"]
[Source "ChessBase"]
[SourceDate "2021.10.06"]
[SourceVersion "1"]
[SourceVersionDate "2021.10.06"]
[SourceQuality "1"]
[WhiteTeam "Brackel SF III"]
[BlackTeam "Mengede SG"]
[WhiteTeamCountry "GER"]
[BlackTeamCountry "GER"]

1. c4 e5 2. Nc3 Nc6 3. e3 g6 4. d4 exd4 5. exd4 Bg7 6. d5 Nd4 7. Be3 Nf5 8. Bf4 d6 9. Nf3 Ngh6 10. Bd3 0-0 11. 0-0 f6 12. Qc2 a6 13. Rae1 Re8 14. Rxe8+ Qxe8 15. Re1 Qf8 16. h3 Bd7 17. g4 Ne7 18. c5 Nf7 19. cxd6 Nxd6 20. Ne4 Nxe4 21. Bxe4 f5 22. gxf5 Bxf5 23. Ng5 h6 24. Bxf5 hxg5 25. Be6+ Kh7 26. Bxg5 Nf5 27. Qxc7 Nd4 28. Qg3 Nf3+ 29. Kf1 Nxe1 30. Qh4+ Bh6 31. Kxe1 Qg7 32. Kf1 Re8 33. f4 Rf8 34. d6 Re8 35. d7 1-0

[Event "Dortmund Sparkassen op-B 44th"]
[Site "Dortmund"]
[Date "2016.07.12"]
[Round "4"]
[White "Ophuels, Jan"]
[Black "Ewers, Christian"]
[Result "1-0"]
[WhiteElo "1932"]
[BlackElo "1697"]
[PlyCount "61"]
[EventDate "2016.07.09"]
[EventType "swiss"]
[EventRounds "9"]
[EventCountry "GER"]
[SourceTitle "CBM 173 Extra"]
[Source "ChessBase"]
[SourceDate "2016.08.29"]
[SourceVersion "1"]
[SourceVersionDate "2016.08.29"]
[SourceQuality "1"]

1. e4 c6 2. Nc3 d5 3. Qe2 d4 4. Nd1 e5 5. d3 c5 6. g3 Nc6 7. f4 g6 8. Nf3 Bg7 9. Bg2 Be6 10. 0-0 Qd7 11. Nf2 h6 12. a3 a5 13. h3 Nge7 14. g4 exf4 15. Bxf4 g5 16. Bh2 0-0 17. Nh1 Ng6 18. Qd2 Nce5 19. Ng3 Nxf3+ 20. Rxf3 Nf4 21. Raf1 Ra6 22. Nf5 Bxf5 23. gxf5 Be5 24. Rg3 Kh7 25. Bf3 Qc7 26. Kf2 Nxh3+ 27. Rxh3 Bxh2 28. Qxg5 Bf4 29. Qh4 Rg8 30. Rfh1 Bg3+ 31. Rxg3 1-0

[Event "Ruhrgebiet Verbandsklasse Gruppe 3 1516"]
[Site "Germany"]
[Date "2016.02.21"]
[Round "7.7"]
[White "Fraenkel, Karl Heinz"]
[Black "Ewers, Christian"]
[Result "1-0"]
[WhiteElo "1860"]
[BlackElo "1698"]
[PlyCount "111"]
[EventDate "2015.09.06"]
[EventType "team-tourn"]
[EventRounds "9"]
[EventCountry "GER"]
[SourceTitle "EXT 2022"]
[Source "ChessBase"]
[SourceDate "2021.10.06"]
[SourceVersion "1"]
[SourceVersionDate "2021.10.06"]
[SourceQuality "1"]
[WhiteTeam "Bochum SV II"]
[BlackTeam "Mengede SG"]
[WhiteTeamCountry "GER"]
[BlackTeamCountry "GER"]

1. e4 c6 2. d4 d5 3. exd5 cxd5 4. Nf3 g6 5. h3 Bg7 6. Bd3 Nc6 7. c3 Nh6 8. 0-0 Nf5 9. Re1 f6 10. Bf4 0-0 11. Nbd2 Re8 12. Bb5 a6 13. Bxc6 bxc6 14. Nb3 Nd6 15. Nc5 Nf7 16. Ne6 Bxe6 17. Rxe6 Qd7 18. Re2 e5 19. dxe5 fxe5 20. Bg3 e4 21. Nd2 Qf5 22. Nb3 Be5 23. Bxe5 Nxe5 24. Nc5 Qf4 25. Qd2 Qf5 26. Rae1 Rf8 27. Qh6 Nf7 28. Qh4 Ng5 29. b3 Ra7 30. Qg3 Nf7 31. f3 exf3 32. Qxf3 Qxf3 33. gxf3 Ng5 34. Kg2 Nxf3 35. Rd1 Nh4+ 36. Kg3 Nf5+ 37. Kg4 h5+ 38. Kg5 Ng3 39. Re6 Kh7 40. Rde1 Raf7 41. Re7 Nf5 42. Rxf7+ Rxf7 43. Re6 Ng7 44. Rf6 Rxf6 45. Kxf6 Kh6 46. Nxa6 g5 47. Nb4 g4 48. hxg4 hxg4 49. Nd3 g3 50. Ne1 Ne8+ 51. Ke5 Kg5 52. a4 Nf6 53. a5 Ng4+ 54. Kd4 Kf4 55. a6 Ne5 56. Ng2+ 1-0

[Event "Ruhrgebiet Verbandsklasse Gruppe 3 1516"]
[Site "Germany"]
[Date "2015.09.06"]
[Round "1.6"]
[White "Pahne, Dirk"]
[Black "Ewers, Christian"]
[Result "1/2-1/2"]
[WhiteElo "1887"]
[BlackElo "1698"]
[PlyCount "58"]
[EventDate "2015.09.06"]
[EventType "team-tourn"]
[EventRounds "9"]
[EventCountry "GER"]
[SourceTitle "EXT 2022"]
[Source "ChessBase"]
[SourceDate "2021.10.06"]
[SourceVersion "1"]
[SourceVersionDate "2021.10.06"]
[SourceQuality "1"]
[WhiteTeam "Eving SV Rochade"]
[BlackTeam "Mengede SG"]
[WhiteTeamCountry "GER"]
[BlackTeamCountry "GER"]

1. e4 c6 2. d4 d5 3. Nc3 dxe4 4. Nxe4 Bf5 5. Ng3 Bg6 6. Nf3 e6 7. Bd3 Nd7 8. 0-0 Bxd3 9. Qxd3 Qc7 10. c4 0-0-0 11. Bg5 Ngf6 12. Rfd1 h6 13. Be3 Kb8 14. b4 Bxb4 15. c5 Nxc5 16. Qc4 Na6 17. Rab1 Nd5 18. Rb3 Nb6 19. Qe2 f5 20. a3 Be7 21. Bd2 Qd6 22. Re3 Nc7 23. Bb4 Qd7 24. Ne5 Qe8 25. Bxe7 Qxe7 26. Nxf5 Qf6 27. Ng3 Rhe8 28. Ne4 Qe7 29. Nc5 Rd5 1/2-1/2

[Event "Ruhrgebiet Verbandsklasse Gruppe 1 1415"]
[Site "Germany"]
[Date "2014.12.14"]
[Round "4.7"]
[White "Butschek, Gerhard"]
[Black "Ewers, Christian"]
[Result "0-1"]
[WhiteElo "1677"]
[BlackElo "1702"]
[PlyCount "84"]
[EventDate "2014.09.21"]
[EventType "team-tourn"]
[EventRounds "9"]
[EventCountry "GER"]
[SourceTitle "EXT 2022"]
[Source "ChessBase"]
[SourceDate "2021.10.06"]
[SourceVersion "1"]
[SourceVersionDate "2021.10.06"]
[SourceQuality "1"]
[WhiteTeam "Bochum SG IV"]
[BlackTeam "Mengede SG"]
[WhiteTeamCountry "GER"]
[BlackTeamCountry "GER"]

1. g3 Nf6 2. Bg2 g6 3. f4 Bg7 4. Nf3 d6 5. Nc3 0-0 6. 0-0 Nfd7 7. e4 Nc6 8. d4 e5 9. fxe5 dxe5 10. d5 Ne7 11. Be3 h6 12. Qd2 Kh7 13. Rad1 Nb6 14. b3 Bd7 15. Ne2 f5 16. Nh4 Nbc8 17. c4 Nd6 18. Nc3 g5 19. Nxf5 Nexf5 20. exf5 Nxf5 21. Qc2 Kh8 22. Bc5 Nd6 23. Ne4 Rxf1+ 24. Rxf1 Nf5 25. Nc3 b6 26. Ba3 Ne3 27. Qg6 Nxf1 28. Be4 Qg8 29. Kxf1 Bf8 30. Qxg8+ Kxg8 31. Bxf8 Rxf8+ 32. Kg2 a6 33. a3 Bf5 34. Bxf5 Rxf5 35. Ne4 g4 36. b4 Kf8 37. c5 bxc5 38. bxc5 Rf3 39. d6 cxd6 40. c6 Ke7 41. h3 h5 42. hxg4 hxg4 0-1

[Event "Dortmund Sparkassen op-B"]
[Site "Dortmund"]
[Date "2014.07.14"]
[Round "3"]
[White "Ewers, Christian"]
[Black "Thiemann, Marc"]
[Result "1-0"]
[WhiteElo "1724"]
[BlackElo "1548"]
[PlyCount "73"]
[EventDate "2014.07.12"]
[EventType "swiss"]
[EventRounds "9"]
[EventCountry "GER"]
[SourceTitle "EXT 2022"]
[Source "ChessBase"]
[SourceDate "2021.10.06"]
[SourceVersion "1"]
[SourceVersionDate "2021.10.06"]
[SourceQuality "1"]

1. e4 e5 2. Bc4 Nf6 3. Nc3 Bc5 4. d3 h6 5. h3 Nc6 6. Nge2 d6 7. Na4 Bb6 8. Nxb6 axb6 9. Be3 Na5 10. Bb3 c6 11. 0-0 d5 12. f4 exf4 13. e5 Nh5 14. Nxf4 Nxf4 15. Rxf4 0-0 16. d4 b5 17. c3 Nc4 18. Bc1 Re8 19. Bc2 Nb6 20. Qh5 Qe7 21. Rh4 Qf8 22. g4 g6 23. Qxh6 Qxh6 24. Bxh6 Nd7 25. a3 Nf8 26. Rf1 Ne6 27. Be3 b6 28. Rh6 Kg7 29. h4 Nf8 30. h5 c5 31. hxg6 Nxg6 32. Rxf7+ Kxf7 33. Bxg6+ Ke7 34. Bg5+ Kd7 35. Rh7+ Ke6 36. Bxe8 Bb7 37. Re7# 1-0

[Event "NRW Verbandsklasse Group2 1314"]
[Site "Nordrheinwestfalen"]
[Date "2013.11.03"]
[Round "3.7"]
[White "Tudan, Philipp"]
[Black "Ewers, Christian"]
[Result "1/2-1/2"]
[WhiteElo "1612"]
[BlackElo "1692"]
[PlyCount "47"]
[EventDate "2013.09.08"]
[EventType "team-tourn"]
[EventRounds "9"]
[EventCountry "GER"]
[SourceTitle "EXT 2020"]
[Source "ChessBase"]
[SourceDate "2019.10.17"]
[SourceVersion "1"]
[SourceVersionDate "2019.10.17"]
[SourceQuality "1"]
[WhiteTeam "Doppelbauer Brambauer II"]
[BlackTeam "Mengede SG"]
[WhiteTeamCountry "GER"]
[BlackTeamCountry "GER"]

1. e4 Nf6 2. Nc3 d5 3. e5 d4 4. exf6 dxc3 5. bxc3 exf6 6. g3 Bd6 7. Bg2 0-0 8. Ne2 Re8 9. 0-0 c6 10. Nd4 Bd7 11. d3 Na6 12. Rb1 Rb8 13. Be3 Nc5 14. Nb3 Nxb3 15. cxb3 Bf5 16. Rb2 Qa5 17. b4 Qa3 18. Rc2 Bxb4 19. cxb4 Bxd3 20. Rd2 Bxf1 21. Kxf1 Qxb4 22. Rd7 Re7 23. Rd8+ Re8 24. Rd7 1/2-1/2

[Event "Ruhrgebiet Verbandsliga2 1112"]
[Site "Nordrheinwestfalen"]
[Date "2012.01.08"]
[Round "5.8"]
[White "Ewers, Christian"]
[Black "Jaring, Thorsten"]
[Result "0-1"]
[WhiteElo "1699"]
[BlackElo "1937"]
[PlyCount "50"]
[EventDate "2011.09.18"]
[EventType "team-tourn"]
[EventRounds "9"]
[EventCountry "GER"]
[SourceTitle "EXT 2020"]
[Source "ChessBase"]
[SourceDate "2019.10.17"]
[SourceVersion "1"]
[SourceVersionDate "2019.10.17"]
[SourceQuality "1"]
[WhiteTeam "Dortmund Hansa IV"]
[BlackTeam "Recklinghausen Laeufer Ost"]
[WhiteTeamCountry "GER"]
[BlackTeamCountry "GER"]

1. d4 Nf6 2. c4 g6 3. Nc3 Bg7 4. e4 d6 5. Nf3 0-0 6. Be2 Nbd7 7. 0-0 Ne8 8. Ne1 e5 9. d5 f5 10. f4 fxe4 11. fxe5 Rxf1+ 12. Bxf1 Bxe5 13. g3 Nc5 14. Bg2 Nf6 15. Bg5 Qf8 16. Qd2 Bf5 17. Rd1 Re8 18. b4 Nd3 19. Nc2 Nb2 20. Rf1 Nxc4 21. Qe2 Nb6 22. Nxe4 Nxe4 23. Bxe4 Bf6 24. Bxf6 Rxe4 25. Qf3 Re8 0-1

[Event "Dortmund Sparkassen op-B"]
[Site "Dortmund"]
[Date "2011.07.28"]
[Round "6"]
[White "Bausch, Thomas"]
[Black "Ewers, Christian"]
[Result "1-0"]
[WhiteElo "1953"]
[BlackElo "1699"]
[PlyCount "75"]
[EventDate "2011.07.23"]
[EventType "swiss"]
[EventRounds "9"]
[EventCountry "GER"]
[SourceTitle "EXT 2013"]
[Source "ChessBase"]
[SourceDate "2012.11.22"]
[SourceVersion "1"]
[SourceVersionDate "2012.11.22"]
[SourceQuality "1"]

1. e4 c5 2. Nf3 Nc6 3. d4 cxd4 4. Nxd4 d6 5. Nc3 Nf6 6. f3 e5 7. Nb3 Be7 8. Be3 Be6 9. Qd2 d5 10. exd5 Nxd5 11. Nxd5 Bxd5 12. 0-0-0 Bxb3 13. Qxd8+ Rxd8 14. Rxd8+ Bxd8 15. axb3 0-0 16. Bd3 Bf6 17. c3 b6 18. Be4 Na5 19. Bd5 Rc8 20. Rd1 Rc7 21. Kc2 Kf8 22. Ra1 Rd7 23. b4 Rxd5 24. bxa5 Bd8 25. c4 Rd7 26. axb6 axb6 27. Ra8 Ke7 28. Ra6 Rb7 29. Kc3 Kd7 30. b4 Kc6 31. f4 exf4 32. Bxf4 g5 33. Be3 f5 34. b5+ Kd7 35. Kd4 f4 36. Bf2 Be7 37. Kd5 h5 38. Bxb6 1-0

[Event "Dortmund Sparkassen op-B"]
[Site "Dortmund"]
[Date "2011.07.26"]
[Round "4"]
[White "Singh, Marcel"]
[Black "Ewers, Christian"]
[Result "1-0"]
[WhiteElo "1904"]
[BlackElo "1699"]
[PlyCount "45"]
[EventDate "2011.07.23"]
[EventType "swiss"]
[EventRounds "9"]
[EventCountry "GER"]
[SourceTitle "EXT 2013"]
[Source "ChessBase"]
[SourceDate "2012.11.22"]
[SourceVersion "1"]
[SourceVersionDate "2012.11.22"]
[SourceQuality "1"]

1. e4 c6 2. d4 d5 3. exd5 cxd5 4. c4 Nf6 5. Nc3 e6 6. c5 Be7 7. Bg5 h6 8. Bh4 0-0 9. Nf3 Ne4 10. Bxe7 Qxe7 11. Rc1 Nd7 12. b4 f5 13. Bb5 Ndf6 14. Ne5 Kh7 15. 0-0 Bd7 16. Bd3 h5 17. Re1 g5 18. f3 Nxc3 19. Rxc3 Rac8 20. b5 b6 21. c6 Be8 22. Qc2 Kh6 23. Bxf5 1-0

[Event "Dortmund Sparkassen op-B"]
[Site "Dortmund"]
[Date "2011.07.25"]
[Round "3"]
[White "Ewers, Christian"]
[Black "Meier, Juergen"]
[Result "1/2-1/2"]
[WhiteElo "1699"]
[BlackElo "2067"]
[PlyCount "83"]
[EventDate "2011.07.23"]
[EventType "swiss"]
[EventRounds "9"]
[EventCountry "GER"]
[SourceTitle "EXT 2013"]
[Source "ChessBase"]
[SourceDate "2012.11.22"]
[SourceVersion "1"]
[SourceVersionDate "2012.11.22"]
[SourceQuality "1"]

1. e4 c5 2. Nc3 Nc6 3. g3 g6 4. Bg2 Bg7 5. Nge2 d6 6. d3 e6 7. Be3 Rb8 8. a4 Nge7 9. Qd2 Nd4 10. 0-0 Qa5 11. Nxd4 cxd4 12. Nb5 Qb6 13. Bh6 0-0 14. Bxg7 Kxg7 15. Qb4 Nc6 16. Qxd6 Rd8 17. Qf4 e5 18. Qc1 Be6 19. f4 f6 20. f5 Bf7 21. fxg6 hxg6 22. Rf2 a6 23. Na3 Nb4 24. Qf1 Rbc8 25. a5 Qd6 26. b3 Rc3 27. Bf3 Rdc8 28. Bd1 R8c5 29. Nc4 Bxc4 30. bxc4 Nc6 31. h4 Qe7 32. g4 Rxa5 33. Rxa5 Nxa5 34. Qg2 b5 35. g5 fxg5 36. hxg5 bxc4 37. Rf6 cxd3 38. Qh3 dxc2 39. Qh6+ Kg8 40. Qxg6+ Qg7 41. Qe8+ Kh7 42. Qh5+ 1/2-1/2

[Event "Dortmund op-B"]
[Site "Dortmund"]
[Date "2007.06.24"]
[Round "3"]
[White "Ewers, Christian"]
[Black "Walter, Julian"]
[Result "1-0"]
[WhiteElo "1696"]
[BlackElo "1491"]
[PlyCount "71"]
[EventDate "2007.06.22"]
[EventType "swiss"]
[EventRounds "9"]
[EventCountry "GER"]
[SourceTitle "EXT 2008"]
[Source "ChessBase"]
[SourceDate "2007.11.25"]
[SourceVersion "1"]
[SourceVersionDate "2007.11.25"]
[SourceQuality "1"]

1. Nf3 d5 2. d4 c6 3. Bf4 Nf6 4. h3 Qb6 5. Qc1 e6 6. e3 c5 7. c3 Nc6 8. dxc5 Bxc5 9. Bd3 Bd7 10. 0-0 0-0 11. Nbd2 Rac8 12. Nb3 Be7 13. Qd2 Rfd8 14. Ne5 Nxe5 15. Bxe5 Bc6 16. Bd4 Qc7 17. Bxf6 Bxf6 18. Nd4 Be8 19. f4 e5 20. fxe5 Bxe5 21. Qf2 Rd6 22. Qf5 Rg6 23. Nf3 Bf6 24. Nd4 Bd7 25. Qxd5 Rg5 26. Qe4 Bxd4 27. Qxh7+ Kf8 28. exd4 Qg3 29. Qe4 Bc6 30. d5 Re8 31. Rxf7+ Kg8 32. Raf1 Qxg2+ 33. Qxg2 Rxg2+ 34. Kxg2 Bxd5+ 35. R7f3 Bxf3+ 36. Kxf3 1-0

[Event "Dortmund op"]
[Site "Dortmund"]
[Date "2006.03.07"]
[Round "2.16"]
[White "Ziperstein, Jakob"]
[Black "Ewers, Christian"]
[Result "1-0"]
[WhiteElo "1838"]
[BlackElo "1662"]
[PlyCount "51"]
[EventDate "2006.03.06"]
[EventType "swiss"]
[EventRounds "9"]
[EventCountry "GER"]
[SourceTitle "CBM 111 Extra"]
[Source "ChessBase"]
[SourceDate "2006.05.09"]
[SourceVersion "1"]
[SourceVersionDate "2006.05.09"]
[SourceQuality "1"]

1. e4 e5 2. Nf3 Nc6 3. Nc3 f5 4. d4 exd4 5. Nxd4 Nxd4 6. Qxd4 c6 7. Be2 Qf6 8. e5 Qe6 9. Bf4 Nh6 10. 0-0-0 b5 11. Bf3 Rb8 12. Qxa7 Rb7 13. Qa8 Kd8 14. Qa6 Kc7 15. Rhe1 Kb8 16. Be3 f4 17. Bxf4 Bc5 18. Ne4 Bxf2 19. Nxf2 Ra7 20. Qb6+ Rb7 21. Qc5 Nf7 22. Re3 b4 23. Rb3 h5 24. Rxb4 g5 25. Be3 Qxa2 26. Rd3 1-0

[Event "Dortmund op-B"]
[Site "Dortmund"]
[Date "2005.07.15"]
[Round "7"]
[White "Heyder, Siegfried"]
[Black "Ewers, Christian"]
[Result "1-0"]
[WhiteElo "1366"]
[BlackElo "1674"]
[PlyCount "74"]
[EventDate "2005.07.08"]
[EventType "swiss"]
[EventRounds "9"]
[EventCountry "GER"]
[SourceTitle "CBM 107 Extra"]
[Source "ChessBase"]
[SourceDate "2005.09.01"]
[SourceVersion "1"]
[SourceVersionDate "2005.09.01"]
[SourceQuality "1"]

1. e4 c5 2. Nf3 d6 3. d4 cxd4 4. Nxd4 Nf6 5. Nc3 a6 6. Be3 e6 7. g4 Be7 8. g5 Nfd7 9. f4 b5 10. Bd3 Nc5 11. a3 Bb7 12. 0-0 Nxd3 13. Qxd3 Nd7 14. b4 0-0 15. Rf3 Nb6 16. Raf1 g6 17. Rh3 Rc8 18. Rff3 Qc7 19. Bd2 Qc4 20. Qe3 Qc7 21. Rh4 Kg7 22. Rfh3 Rh8 23. f5 Nc4 24. Qf2 e5 25. f6+ Kg8 26. fxe7 exd4 27. Qxd4 Qxe7 28. Nd5 Bxd5 29. Qxd5 Nxd2 30. Qxd2 Rc4 31. Rd3 Rxc2 32. Qxc2 Qxg5+ 33. Kh1 Qxh4 34. Rf3 Qe7 35. Rc3 Qf6 36. Rc7 Kg7 37. Qg2 Qa1+ 1-0

[Event "Dortmund-ch"]
[Site "Dortmund"]
[Date "2005.03.15"]
[Round "8"]
[White "Martini, Heiko"]
[Black "Ewers, Christian"]
[Result "1/2-1/2"]
[WhiteElo "1481"]
[BlackElo "1671"]
[PlyCount "58"]
[EventDate "2005.02.28"]
[EventType "swiss"]
[EventRounds "9"]
[EventCountry "GER"]
[SourceTitle "CBM 105 Extra"]
[Source "ChessBase"]
[SourceDate "2005.05.01"]
[SourceVersion "1"]
[SourceVersionDate "2005.05.01"]
[SourceQuality "1"]

1. d4 Nf6 2. Nf3 g6 3. e3 Bg7 4. Bd3 d6 5. 0-0 0-0 6. Nc3 Nbd7 7. Ne2 c5 8. c3 a6 9. Ng3 b5 10. a3 Bb7 11. Re1 c4 12. Bc2 d5 13. e4 dxe4 14. Nxe4 Nxe4 15. Bxe4 Bxe4 16. Rxe4 Nc5 17. Re2 Nb3 18. Rb1 Nxc1 19. Qxc1 e6 20. Ng5 Qd5 21. Nf3 Rab8 22. Qg5 Qxg5 23. Nxg5 a5 24. Ne4 Rfc8 25. f4 b4 26. axb4 axb4 27. Rbe1 Rb6 28. Kf2 Rcb8 29. Rb1 h6 1/2-1/2

[Event "Dortmund-ch"]
[Site "Dortmund"]
[Date "2005.03.14"]
[Round "7"]
[White "Ewers, Christian"]
[Black "Ziperstein, Jakob"]
[Result "1/2-1/2"]
[WhiteElo "1671"]
[BlackElo "1902"]
[PlyCount "46"]
[EventDate "2005.02.28"]
[EventType "swiss"]
[EventRounds "9"]
[EventCountry "GER"]
[SourceTitle "CBM 105 Extra"]
[Source "ChessBase"]
[SourceDate "2005.05.01"]
[SourceVersion "1"]
[SourceVersionDate "2005.05.01"]
[SourceQuality "1"]

1. e4 g6 2. d4 Bg7 3. Nc3 d6 4. Bg5 Nf6 5. e5 dxe5 6. dxe5 Qxd1+ 7. Rxd1 Ng4 8. Nd5 Bxe5 9. f4 Bd6 10. Bxe7 Be6 11. Bxd6 Bxd5 12. Rxd5 cxd6 13. Rxd6 0-0 14. Be2 Re8 15. h3 Ne3 16. Kf2 Nc6 17. c3 Re7 18. Nf3 Nxg2 19. f5 Nf4 20. Bf1 Rd8 21. Rxd8+ Nxd8 22. Nd4 Kg7 23. Rg1 Kf6 1/2-1/2

[Event "Dortmund-ch"]
[Site "Dortmund"]
[Date "2005.03.10"]
[Round "6"]
[White "Zeldin, Vitali"]
[Black "Ewers, Christian"]
[Result "1-0"]
[WhiteElo "1918"]
[BlackElo "1671"]
[PlyCount "87"]
[EventDate "2005.02.28"]
[EventType "swiss"]
[EventRounds "9"]
[EventCountry "GER"]
[SourceTitle "CBM 105 Extra"]
[Source "ChessBase"]
[SourceDate "2005.05.01"]
[SourceVersion "1"]
[SourceVersionDate "2005.05.01"]
[SourceQuality "1"]

1. e4 Nf6 2. e5 Nd5 3. d4 d6 4. Nf3 Bg4 5. Be2 Nc6 6. 0-0 e6 7. c4 Nb6 8. exd6 cxd6 9. Nc3 d5 10. c5 Nc8 11. a3 Be7 12. b4 Bf6 13. Be3 0-0 14. Rc1 N8e7 15. h3 Bxf3 16. Bxf3 Nf5 17. Ne2 a6 18. Qd2 Nxe3 19. fxe3 Bg5 20. Rc3 f5 21. Rb1 Rc8 22. Nf4 Qf6 23. g3 Bxf4 24. gxf4 Kh8 25. b5 axb5 26. Rxb5 Rc7 27. Rcb3 g5 28. Qh2 Rff7 29. Kf1 Rg7 30. Bg2 Qh6 31. Rd3 g4 32. Qh1 gxh3 33. Qxh3 Qxh3 34. Bxh3 h5 35. Kf2 Kg8 36. Rd1 Kf7 37. Rh1 Kf6 38. Bf1 Rh7 39. Rh4 Rh6 40. Be2 Rch7 41. Ke1 Rh8 42. Rxb7 Ra8 43. Rb6 Na5 44. a4 1-0